000 00406 a2200157 4500
005 20250621055859.0
020 _a978-1-292-08611-8
082 _a658.72 LYS
100 _aLYSONS, K
245 _aProcurement and Supply Chain Management
250 _a9th Ed.
260 _aLondon
_bPEARSON
_c2016.
300 _axx,671p.: ill.; figures,tables
_bIndex
_c24cm
700 _aBrian Farrington
942 _2ddc
_cBKS
999 _c4557
_d4557